| 000 | 00702nam a2200241Ia 4500 | ||
|---|---|---|---|
| 003 | OSt | ||
| 005 | 20220918165924.0 | ||
| 006 | a|||||r|||| 00| 0 | ||
| 007 | ta | ||
| 008 | 220917b |||||||| |||| 00| 0 eng d | ||
| 020 |
_a8183071007 (hbk) _c129 |
||
| 024 | _a264,390 | ||
| 037 |
_b178, 23/11/2010, University Book House _cTextual |
||
| 040 |
_aARTS _cARTS _beng |
||
| 041 |
_2eng _aeng |
||
| 082 | _aP111,3:4, P8 | ||
| 100 |
_aLewis Norman _926168 |
||
| 245 | 0 | _aWord power made easy | |
| 260 |
_aDelhi _bGoyal Pub India _c2009 |
||
| 650 | _aLINGUISTICS | ||
| 942 |
_hP111,3:4, P8 _cTEXL _2CC |
||
| 999 |
_c131758 _d131758 |
||